000 00235nam a2200097Ia 4500
001 683140
005 20250826161432.0
008 250824s9999 xx 000 0 und d
245 0 _aEKMEK KAVGASI
_cORHAN KEMAL
260 _bEVEREST YAYINLARI
999 _c683140
_d683140